| 000 | 01044nam a2200265Ia 4500 | ||
|---|---|---|---|
| 003 | OSt | ||
| 005 | 20210825094031.0 | ||
| 008 | 210310s1967 mx ad gr 000 0 spa d | ||
| 040 |
_aCO-JMCR _cCO-JMCR |
||
| 041 | 1 |
_aspa _heng |
|
| 082 | 0 | 4 |
_a338.54 / _bE799t _223 |
| 100 | 1 |
_aEstey, James Arthur, _eautor _927826 |
|
| 245 | 1 | 0 |
_aTratados sobre los ciclos económicos / _cJames Arthur Estey ; traducción al español, Enrique Padilla Aragón |
| 250 | _aSexta edición | ||
| 260 |
_aMéxico : _bFondo de Cultura Económica, _c1967. |
||
| 300 |
_a564 páginas : _bilustraciones y gráficas en blanco y negro ; _c22 cm. |
||
| 490 | 0 |
_aSección de obras de economía : _aCiclos económicos |
|
| 500 | _aIncluye índices y notas a pie de página. | ||
| 505 | 0 | _aDescripción. -- Teorías del ciclo. -- Estabilización. | |
| 650 | 1 | 4 |
_aFluctuaciones económicas _939659 |
| 650 | 2 | 4 |
_aCiclo económico _939660 |
| 650 | 2 | 4 |
_aDescripción de los ciclos _939661 |
| 700 | 1 |
_aPadilla Aragón, Enrique, _etraductor _939662 |
|
| 942 |
_2ddc _cBK |
||
| 999 |
_c12292 _d12292 |
||